[Event "MNT-chT 1st League"]
[Site "Podgorica"]
[Date "2021.05.21"]
[Round "2.4"]
[White "Petrusic, Goran"]
[Black "Dedeic, Huso"]
[Result "0-1"]
[WhiteElo "1911"]
[BlackElo "1980"]
[PlyCount "78"]
[EventDate "2021.05.20"]
[EventType "team-tourn"]
[EventRounds "7"]
[EventCountry "MNE"]
[SourceTitle "EXT 2022"]
[Source "ChessBase"]
[SourceDate "2021.10.06"]
[SourceVersion "1"]
[SourceVersionDate "2021.10.06"]
[SourceQuality "1"]

1. c4 e5 2. Nc3 Nc6 3. g3 f5 4. d3 Nf6 5. Bg2 Bb4 6. a3 Bxc3+ 7. bxc3 0-0 8. e3 d6 9. Ne2 Rb8 10. Rb1 Be6 11. 0-0 e4 12. Nf4 Bf7 13. dxe4 Nxe4 14. Bxe4 fxe4 15. Nd5 Ne5 16. f4 exf3 17. e4 c6 18. Ne3 Qf6 19. Rf2 Bxc4 20. Nxc4 Nxc4 21. Qb3 b5 22. Be3 Qe7 23. Rbf1 Qxe4 24. Bf4 Rbd8 25. h4 d5 26. Qd1 Ne3 27. Bxe3 Qxe3 28. Qd4 Rde8 29. Qg4 Rf6 30. Kh2 Ref8 31. a4 Qe4 32. Qd7 Qxa4 33. Qe7 Qg4 34. Qe1 Rg6 35. Rg1 Re6 36. Qd1 Re2 37. Rgf1 Rf6 38. Qd3 Rg6 39. Qxf3 Qxf3 0-1

[Event "MNT-chT 1st League"]
[Site "Podgorica"]
[Date "2018.09.28"]
[Round "4.2"]
[White "Petrusic, Goran"]
[Black "Tomasevic, Milutin"]
[Result "1-0"]
[WhiteElo "1946"]
[BlackElo "1659"]
[PlyCount "127"]
[EventDate "2018.09.07"]
[EventType "team-tourn"]
[EventRounds "9"]
[EventCountry "MNE"]
[SourceTitle "CBM 187 Extra"]
[Source "ChessBase"]
[SourceDate "2018.11.04"]
[SourceVersion "1"]
[SourceVersionDate "2018.11.04"]
[SourceQuality "1"]
[WhiteTeam "Dijagonale"]
[BlackTeam "Zora"]
[WhiteTeamCountry "MNE"]
[BlackTeamCountry "MNE"]

1. d4 d5 2. Bg5 h6 3. Bh4 Bf5 4. Nf3 c6 5. e3 Qb6 6. b3 Nd7 7. Bd3 Bxd3 8. Qxd3 e6 9. 0-0 Be7 10. Bxe7 Nxe7 11. c4 0-0 12. Nbd2 Ng6 13. e4 dxe4 14. Nxe4 Rad8 15. Qc2 c5 16. dxc5 Nxc5 17. Rad1 Nxe4 18. Qxe4 Rxd1 19. Rxd1 Rd8 20. Rxd8+ Qxd8 21. g3 Qd7 22. h4 f5 23. Qd4 Qxd4 24. Nxd4 Kf7 25. Nb5 Ke7 26. Nxa7 Kd7 27. Nb5 Kc6 28. Nd4+ Kd6 29. f4 Ne7 30. Kf2 Ng8 31. b4 Nf6 32. Nb5+ Kc6 33. Nc3 Kd6 34. a4 e5 35. c5+ Ke6 36. fxe5 Kxe5 37. a5 Kd4 38. c6 bxc6 39. a6 Ne8 40. a7 Nc7 41. b5 Kc5 42. bxc6 Kxc6 43. h5 Kb7 44. Kf3 Ne8 45. Nd5 Kxa7 46. Kf4 Kb7 47. Kxf5 Kc6 48. Ke6 Nd6 49. Ne7+ Kc7 50. Nf5 Ne4 51. Kf7 Kd7 52. Kxg7 Ke6 53. g4 Nf6 54. Nxh6 Ne4 55. Kg6 Ng3 56. g5 Ne4 57. Ng8 Nd6 58. Nf6 Nf7 59. h6 Ke7 60. Ne4 Kf8 61. Kh5 Kg8 62. g6 Ne5 63. Nf6+ Kf8 64. g7+ 1-0

[Event "Paracin Summer op-B 10th"]
[Site "Paracin"]
[Date "2017.07.11"]
[Round "6"]
[White "Petrusic, Goran"]
[Black "Stosic, Slobodan"]
[Result "0-1"]
[WhiteElo "1921"]
[BlackElo "2092"]
[PlyCount "110"]
[EventDate "2017.07.07"]
[EventType "swiss"]
[EventRounds "9"]
[EventCountry "SRB"]
[SourceTitle "EXT 2020"]
[Source "ChessBase"]
[SourceDate "2019.10.17"]
[SourceVersion "1"]
[SourceVersionDate "2019.10.17"]
[SourceQuality "1"]

1. d4 Nf6 2. Bg5 c5 3. Bxf6 gxf6 4. e3 Qb6 5. b3 e6 6. Nf3 Nc6 7. c3 cxd4 8. exd4 Rg8 9. g3 d5 10. Bg2 Bd7 11. 0-0 0-0-0 12. Qc2 f5 13. Nbd2 Kb8 14. Qb2 Bg7 15. Rfe1 h5 16. a4 a5 17. Ne5 Bxe5 18. dxe5 h4 19. Rab1 hxg3 20. hxg3 Rxg3 21. Kf1 Rg7 22. f4 Rdg8 23. Re2 Rh7 24. Rf2 Qa6+ 25. c4 Nb4 26. Qd4 Rhg7 27. Bf3 Bc6 28. Ke2 Ka8 29. Rh1 b6 30. Rfh2 Ka7 31. Rh7 Qb7 32. Rxg7 Rxg7 33. c5 Nc2 34. Qc3 Nb4 35. Rc1 Qa6+ 36. Ke3 Na2 37. Qc2 Nxc1 38. Qxc1 Qb7 39. Kd4 bxc5+ 40. Qxc5+ Qb6 41. Bh5 Rh7 42. Bf3 Rh4 43. Qxb6+ Kxb6 44. Ke3 Kc5 45. Kf2 Rxf4 46. Kg3 Rd4 47. Nf1 Rd3 48. Kf4 d4 49. Bh5 Rxb3 50. Nd2 Rd3 51. Nb1 Be4 52. Bxf7 Rf3+ 53. Kg5 Bxb1 54. Bxe6 d3 55. Bf7 d2 0-1

[Event "MNT-chT1"]
[Site "Mojkovac"]
[Date "2016.09.24"]
[Round "5.4"]
[White "Stojanovic, Slobodan"]
[Black "Petrusic, Goran"]
[Result "1/2-1/2"]
[WhiteElo "1760"]
[BlackElo "1922"]
[PlyCount "109"]
[EventDate "2016.09.09"]
[EventType "team-tourn"]
[EventRounds "9"]
[EventCountry "MNE"]
[SourceTitle "EXT 2017"]
[Source "ChessBase"]
[SourceDate "2016.10.25"]
[SourceVersion "1"]
[SourceVersionDate "2016.10.25"]
[SourceQuality "1"]

1. e4 c6 2. d4 d5 3. Nc3 dxe4 4. Nxe4 Nd7 5. Nf3 Ngf6 6. Bd3 Nxe4 7. Bxe4 Nf6 8. Bd3 Bg4 9. c3 e6 10. Be2 Bd6 11. h3 Bxf3 12. Bxf3 Qc7 13. Be3 h6 14. Qa4 0-0 15. Qc2 Bf4 16. 0-0 Nd5 17. Qd2 Rad8 18. c4 Nxe3 19. fxe3 Bg5 20. Bd1 Rd7 21. Bc2 Rfd8 22. Qd3 g6 23. Rf3 e5 24. Raf1 exd4 25. e4 c5 26. g3 Re7 27. h4 Be3+ 28. Kg2 h5 29. Rf6 Qe5 30. R6f3 Rd6 31. Qa3 b6 32. Bd3 Bh6 33. b4 cxb4 34. Qxb4 Bf8 35. Qb3 Bg7 36. c5 Rf6 37. cxb6 Rxb6 38. Qa3 Rf6 39. Rxf6 Bxf6 40. Qa6 Re6 41. Qxa7 Be7 42. Qa8+ Kg7 43. a4 Bd6 44. Rf3 Rf6 45. Qd5 Rxf3 46. Qxe5+ Bxe5 47. Kxf3 Bc7 48. g4 hxg4+ 49. Kxg4 Kf6 50. h5 gxh5+ 51. Kxh5 Ke5 52. Kg5 f6+ 53. Kg4 Ba5 54. Kf3 Bc7 55. Kg4 1/2-1/2

[Event "MNT-chT1"]
[Site "Mojkovac"]
[Date "2016.09.23"]
[Round "4.4"]
[White "Petrusic, Goran"]
[Black "Malisic, Miroslav"]
[Result "1-0"]
[WhiteElo "1922"]
[BlackElo "1907"]
[PlyCount "63"]
[EventDate "2016.09.09"]
[EventType "team-tourn"]
[EventRounds "9"]
[EventCountry "MNE"]
[SourceTitle "EXT 2017"]
[Source "ChessBase"]
[SourceDate "2016.10.25"]
[SourceVersion "1"]
[SourceVersionDate "2016.10.25"]
[SourceQuality "1"]

1. c4 e5 2. Nc3 c5 3. Nf3 Nc6 4. g3 f5 5. d3 Nf6 6. Bg2 d5 7. cxd5 Nxd5 8. Nxe5 Nxc3 9. Nxc6 Nxd1 10. Nxd8 Nxf2 11. Kxf2 Kxd8 12. Be3 Be6 13. b3 Kc7 14. Rhc1 Rc8 15. Bxc5 Bxc5+ 16. Rxc5+ Kb8 17. Rac1 b6 18. Rxc8+ Rxc8 19. Rxc8+ Kxc8 20. Ke3 Kd7 21. Kf4 Kd6 22. Bh3 g6 23. e4 Bg8 24. exf5 gxf5 25. Bxf5 a5 26. g4 b5 27. h4 Kc5 28. Ke3 Kb4 29. g5 a4 30. bxa4 bxa4 31. Bxh7 Bxa2 32. g6 1-0

[Event "Veliko Gradiste Silver Lake op-A"]
[Site "Veliko Gradiste"]
[Date "2015.06.24"]
[Round "5"]
[White "Djordjevic, Vuk D"]
[Black "Petrusic, Goran"]
[Result "1-0"]
[WhiteElo "2269"]
[BlackElo "1951"]
[PlyCount "135"]
[EventDate "2015.06.20"]
[EventType "swiss"]
[EventRounds "9"]
[EventCountry "SRB"]
[SourceTitle "CBM 167 Extra"]
[Source "ChessBase"]
[SourceDate "2015.09.14"]
[SourceVersion "1"]
[SourceVersionDate "2015.09.14"]
[SourceQuality "1"]

1. e4 c6 2. d4 d5 3. Nd2 dxe4 4. Nxe4 Nd7 5. Nf3 Ngf6 6. Ng3 e6 7. Bd3 Bd6 8. Qe2 Qc7 9. Bd2 0-0 10. 0-0-0 b6 11. Ne4 Bf4 12. Kb1 Bb7 13. Bc3 Nd5 14. Be1 c5 15. c4 Nb4 16. Bxb4 cxb4 17. Rhe1 Bxe4 18. Qxe4 Nf6 19. Qe2 Rac8 20. g3 Bh6 21. Ne5 g6 22. f4 a5 23. Qe3 Nd7 24. Nf3 a4 25. h4 a3 26. b3 Nf6 27. Qe5 Bg7 28. Qxc7 Rxc7 29. Re5 Rb8 30. Rb5 Bf8 31. Bc2 Rbc8 32. Bd3 Rb8 33. Rg1 Ng4 34. Re1 Nf6 35. Bc2 Rbc8 36. Bd3 Rb8 37. Re2 Nh5 38. Rg2 f6 39. Ne1 Rcc8 40. Nc2 Rd8 41. Kc1 Bd6 42. Kd2 Nxg3 43. Rxg3 Bxf4+ 44. Re3 Kf7 45. Ke2 Bxe3 46. Kxe3 h6 47. Nxb4 Rg8 48. Na6 Rbe8 49. c5 bxc5 50. dxc5 f5 51. c6 g5 52. hxg5 hxg5 53. Rc5 g4 54. c7 g3 55. Rc1 g2 56. Kf2 g1Q+ 57. Rxg1 Rxg1 58. Kxg1 Rc8 59. b4 Rg8+ 60. Kf2 Kf6 61. b5 e5 62. b6 e4 63. Bxe4 fxe4 64. b7 Rh8 65. c8Q Rh2+ 66. Kg3 Rxa2 67. b8Q e3 68. Qd6+ 1-0

[Event "Veliko Gradiste Silver Lake op-A"]
[Site "Veliko Gradiste"]
[Date "2015.06.23"]
[Round "4"]
[White "Petrusic, Goran"]
[Black "Bura, Goran"]
[Result "0-1"]
[WhiteElo "1951"]
[BlackElo "2261"]
[PlyCount "90"]
[EventDate "2015.06.20"]
[EventType "swiss"]
[EventRounds "9"]
[EventCountry "SRB"]
[SourceTitle "CBM 167 Extra"]
[Source "ChessBase"]
[SourceDate "2015.09.14"]
[SourceVersion "1"]
[SourceVersionDate "2015.09.14"]
[SourceQuality "1"]

1. e4 d6 2. d4 Nf6 3. Nc3 e5 4. d5 Be7 5. f3 c6 6. Be3 cxd5 7. Nxd5 Nxd5 8. Qxd5 Nc6 9. a3 Be6 10. Qd2 0-0 11. 0-0-0 Rc8 12. Bd3 Na5 13. Kb1 a6 14. Ne2 b5 15. Nc3 Qc7 16. g4 Rb8 17. Nd5 Bxd5 18. exd5 Nc4 19. Bxc4 bxc4 20. Qc3 Qb7 21. Bc1 Rfc8 22. Rhe1 Bh4 23. Re4 Qb5 24. g5 Bf2 25. Be3 Bxe3 26. Rxe3 Rc5 27. Re4 Rbc8 28. h4 Rxd5 29. Rg1 Qb6 30. Reg4 Rb5 31. Ka2 Re8 32. h5 d5 33. g6 fxg6 34. hxg6 h6 35. Re1 Qe6 36. a4 Rbb8 37. b3 cxb3+ 38. cxb3 Rbc8 39. Qd3 e4 40. Qb1 Rc3 41. Ka1 Rb8 42. Ka2 Rxf3 43. Rg2 Rfxb3 44. Qxb3 Rxb3 45. Kxb3 Qh3+ 0-1

[Event "MNT-chT1"]
[Site "Cetinje"]
[Date "2013.09.21"]
[Round "8"]
[White "Petovic, Luka"]
[Black "Petrusic, Goran"]
[Result "1-0"]
[WhiteElo "2038"]
[BlackElo "1959"]
[PlyCount "82"]
[EventDate "2013.08.30"]
[EventType "team-tourn"]
[EventRounds "9"]
[EventCountry "MNE"]
[SourceTitle "CBM 156 Extra"]
[Source "ChessBase"]
[SourceDate "2013.10.22"]
[SourceVersion "1"]
[SourceVersionDate "2013.10.22"]
[SourceQuality "1"]

1. e4 c5 2. Nf3 Nc6 3. d4 cxd4 4. Nxd4 Nf6 5. Nc3 e5 6. Ndb5 d6 7. a4 a6 8. Na3 Be6 9. Bg5 Be7 10. Bxf6 Bxf6 11. Nd5 Bg5 12. Nc4 Bxd5 13. Qxd5 0-0 14. c3 Be7 15. a5 Kh8 16. Bd3 Qc7 17. 0-0 Rad8 18. b4 Bf6 19. Nb6 Ne7 20. Qb3 g6 21. Bc4 Rc8 22. Nxc8 Rxc8 23. Bxf7 Qxc3 24. Qxc3 Rxc3 25. Rac1 Rd3 26. Rfd1 Rd4 27. Rxd4 exd4 28. Bd5 Nxd5 29. exd5 d3 30. Kf1 d2 31. Rc8+ Kg7 32. Rc7+ Kh6 33. Ke2 Bd4 34. Rxb7 Bxf2 35. Kxd2 Bg1 36. h3 g5 37. b5 axb5 38. a6 b4 39. a7 Bxa7 40. Rxa7 Kg6 41. Rd7 Kf5 1-0

[Event "MNT-ch sf"]
[Site "Cetinje"]
[Date "2012.06.29"]
[Round "6"]
[White "Petrusic, Goran"]
[Black "Jankovic, Slobodan"]
[Result "0-1"]
[WhiteElo "1988"]
[BlackElo "1839"]
[PlyCount "130"]
[EventDate "2012.06.26"]
[EventType "swiss"]
[EventRounds "7"]
[EventCountry "MNE"]
[SourceTitle "EXT 2013"]
[Source "ChessBase"]
[SourceDate "2012.11.22"]
[SourceVersion "1"]
[SourceVersionDate "2012.11.22"]
[SourceQuality "1"]

1. e4 c5 2. Nc3 d6 3. g3 Nc6 4. Bg2 e6 5. d3 Nf6 6. h3 Be7 7. Nge2 a6 8. a4 Bd7 9. Be3 e5 10. f4 Nd4 11. Qd2 b5 12. axb5 axb5 13. Rxa8 Qxa8 14. 0-0 Bc6 15. g4 b4 16. Nd1 exf4 17. Bxd4 cxd4 18. Nxd4 Qa7 19. Qf2 Bd7 20. Kh1 g5 21. Nf5 Qxf2 22. Nxf2 Bxf5 23. exf5 0-0 24. Re1 Bd8 25. Bc6 Bb6 26. Ne4 Nxe4 27. Rxe4 Rc8 28. Ba4 Ba5 29. f6 h6 30. Bd7 Rd8 31. Re7 Rf8 32. Re4 Rd8 33. Ba4 Kh7 34. Re7 Kg6 35. Bb3 d5 36. Ra7 Bb6 37. Ra6 Bd4 38. c3 bxc3 39. bxc3 Bxf6 40. d4 Rc8 41. Bxd5 Rxc3 42. Be4+ Kg7 43. d5 Rxh3+ 44. Kg2 Rg3+ 45. Kf2 Rxg4 46. d6 Rg3 47. d7 Bd8 48. Ra8 Bb6+ 49. Kf1 Re3 50. Re8 g4 51. Bf5 h5 52. Rb8 Ba5 53. Ra8 Bb6 54. Rb8 Rf3+ 55. Ke2 Re3+ 56. Kd2 Ba5+ 57. Kc2 Kf6 58. Rb5 Bd8 59. Bh7 Re5 60. Rb7 g3 61. Rb1 f3 62. Rf1 f2 63. Kd3 h4 64. Be4 h3 65. Bb7 Re1 0-1

[Event "MNT-chT"]
[Site "Cetinje"]
[Date "2010.09.11"]
[Round "4"]
[White "Kandic, Milojko"]
[Black "Petrusic, Goran"]
[Result "1-0"]
[WhiteElo "2076"]
[BlackElo "1937"]
[PlyCount "171"]
[EventDate "2010.08.27"]
[EventType "team-tourn"]
[EventRounds "9"]
[EventCountry "MNE"]
[SourceTitle "CBM 138 Extra"]
[Source "ChessBase"]
[SourceDate "2010.10.29"]
[SourceVersion "1"]
[SourceVersionDate "2010.10.29"]
[SourceQuality "1"]

1. e4 c5 2. Nf3 Nc6 3. c4 g6 4. g3 Bg7 5. Bg2 d6 6. h3 Nf6 7. d3 0-0 8. Nc3 Be6 9. 0-0 Nd7 10. Ng5 Nd4 11. f4 h6 12. Nf3 Nxf3+ 13. Rxf3 Nb8 14. g4 Nc6 15. Rf1 Bd7 16. Ne2 Nd4 17. Nxd4 Bxd4+ 18. Kh2 Bc6 19. Rb1 a5 20. Qe1 e6 21. f5 Be5+ 22. Bf4 Bxf4+ 23. Rxf4 Qg5 24. Qg3 e5 25. Rf2 h5 26. gxh5 Qxg3+ 27. Kxg3 gxh5 28. Bf3 Kg7 29. Kh4 Kf6 30. Rg1 Rg8 31. Rfg2 Rxg2 32. Rxg2 b5 33. Rg5 bxc4 34. dxc4 Rb8 35. Rg2 Rb4 36. Rd2 Ke7 37. f6+ Kd7 38. Bxh5 Rxc4 39. Bxf7 Rxe4+ 40. Kg5 Re1 41. Bh5 Rf1 42. Bg4+ Kc7 43. Kg6 Be8+ 44. Kg7 e4 45. Rg2 d5 46. Be6 Kd6 47. f7 Bxf7 48. Bxf7 Rxf7+ 49. Kxf7 d4 50. b3 d3 51. Rd2 Kd5 52. h4 Kd4 53. h5 e3 54. Rd1 e2 55. Re1 Ke3 56. h6 d2 57. Rxe2+ Kxe2 58. h7 d1Q 59. h8Q Qd7+ 60. Kg6 Qg4+ 61. Kf7 Qd7+ 62. Kg6 Qe6+ 63. Kg5 Qe3+ 64. Kf5 Qd3+ 65. Ke6 Qd4 66. Qe5+ Kd3 67. Qd5 c4 68. bxc4 Kc3 69. c5 Qg4+ 70. Kd6 Qg6+ 71. Kc7 Qa6 72. Qb3+ Kd4 73. Qb6 Qa8 74. c6+ Ke4 75. a4 Kf4 76. Qb8 Qa6 77. Kd7+ Kf3 78. Qb3+ Kf2 79. Qf7+ Kg1 80. Qg6+ Kh1 81. Qh5+ Kg1 82. Qc5+ Kh2 83. c7 Qb7 84. Kd8 Qf3 85. Qd6+ Kh1 86. c8Q 1-0

[Event "Bar op"]
[Site "Bar"]
[Date "2010.04.18"]
[Round "2"]
[White "Petrusic, Goran"]
[Black "Rajkovic, Dusan"]
[Result "0-1"]
[WhiteElo "1944"]
[BlackElo "2463"]
[PlyCount "68"]
[EventDate "2010.04.17"]
[EventType "swiss"]
[EventRounds "9"]
[EventCountry "MNE"]
[SourceTitle "CBM 135 Extra"]
[Source "ChessBase"]
[SourceDate "2010.05.04"]
[SourceVersion "1"]
[SourceVersionDate "2010.05.04"]
[SourceQuality "1"]

1. e4 c5 2. Nf3 e6 3. d4 cxd4 4. Nxd4 Nc6 5. Nc3 Qc7 6. Be2 a6 7. f4 b5 8. Nxc6 Qxc6 9. Bf3 Bb7 10. e5 Qc7 11. Be3 Nh6 12. Ne4 Rc8 13. c3 Nf5 14. Bf2 Be7 15. Qd2 0-0 16. 0-0 Rfd8 17. g4 d5 18. Ng3 d4 19. Bxd4 Nxd4 20. cxd4 Rxd4 21. Qg2 Bxf3 22. Qxf3 Rd2 23. Ne4 Rxb2 24. Rf2 Bc5 25. Nxc5 Qxc5 26. Kg2 Rxf2+ 27. Qxf2 Qd5+ 28. Kg1 h6 29. Rf1 a5 30. h4 Rc3 31. h5 Qd3 32. f5 Qh3 33. Qh2 Qxg4+ 34. Kf2 Rc2+ 0-1